000 00672nam a22001937a 4500
003 0
005 20250108151605.0
008 250108b xxu||||| |||| 00| 0 eng d
020 _a978-1-78221-696-4
050 _aND 2133
_b.B63 2020
100 _aBoard, Alison C.
_eauthor.
245 _aA beginner's guide to watercolour with mixed media :
_binspirational projects and innovative techniques /
_cAlison C. Board.
260 _aTunbridge Wells, Kent :
_bSearch Press Limited,
_c2020.
300 _a144 p. :
_bcol. ill. ;
_c29 cm.
504 _aIncludes index.
650 _aWatercolor painting
_vTechnique.
650 _aMixed media painting
_vTechnique.
942 _2lcc
_cBK
999 _c366930
_d366930